أسياسيات الرياضيات لطلبة الكليات العلمية : (Record no. 7429)

MARC details
000 -LEADER
fixed length control field 00680nam a22001817a 4500
005 - DATE AND TIME OF LATEST TRANSACTION
control field 20241217084623.0
008 - FIXED-LENGTH DATA ELEMENTS--GENERAL INFORMATION
fixed length control field 241217b |||||||| |||| 00| 0 eng d
020 ## - INTERNATIONAL STANDARD BOOK NUMBER
International Standard Book Number 9786035071673
040 ## - CATALOGING SOURCE
Transcribing agency .
082 ## - DEWEY DECIMAL CLASSIFICATION NUMBER
Edition number
Classification number 510.711 366 A 2014
100 ## - MAIN ENTRY--PERSONAL NAME
Personal name العبداللطيف , مساعد
245 ## - TITLE STATEMENT
Title أسياسيات الرياضيات لطلبة الكليات العلمية :
Remainder of title /
Statement of responsibility, etc. مساعد العبداللطيف
250 ## - EDITION STATEMENT
Edition statement 1 ط
260 ## - PUBLICATION, DISTRIBUTION, ETC.
Name of publisher, distributor, etc. السعودية , الرياض , جامعة الملك سعود , 2014
300 ## - PHYSICAL DESCRIPTION
Extent 235 ص
Dimensions 25 سم
650 ## - SUBJECT ADDED ENTRY--TOPICAL TERM
Geographic subdivision الرياضيات - كتب دراسية l الرياضيات - كتب جامعية
942 ## - ADDED ENTRY ELEMENTS (KOHA)
Source of classification or shelving scheme Dewey Decimal Classification
Koha item type Arabic Book
Suppress in OPAC No
Holdings
Withdrawn status Lost status Source of classification or shelving scheme Damaged status Not for loan Home library Current library Date acquired Total Checkouts Full call number Barcode Date last seen Copy number Price effective from Koha item type
    Dewey Decimal Classification     KHOBAR KHOBAR 12/17/2024   510.711 366 A 2014 1000000034507 12/17/2024 C1 12/17/2024 Arabic Book